00306nam a2200109Ia 450000500170000000800410001710000220005824500550008026000410013530000110017665000090018720260328104315.0260328s9999||||xx |||||||||||||| ||und|| aRuiz, Juan Carlos 0aLa utopia misional es nuestra /cJuan Carlos Ruiz bColegio de Arquitectos de Santa Cruz a225 p. aARTE